Αστικός κώδιξ : ερμηνεία κατ' άρθρο - νομολογία - βιβλιογραφία

Αποθηκεύτηκε σε:
Λεπτομέρειες βιβλιογραφικής εγγραφής
Κύριος συγγραφέας: Γεωργιάδης, Απόστολος Σ.
Άλλοι συγγραφείς: Σταθόπουλος, Μιχαήλ Π., 1938-
Μορφή: Βιβλίο
Γλώσσα:Greek
Δημοσίευση: Αθήνα : Σάκκουλας, 1979-1997
Θέματα:
Ετικέτες: Προσθήκη ετικέτας
Δεν υπάρχουν, Καταχωρήστε ετικέτα πρώτοι!

MARC

LEADER 00000nam a2200000 i 4500
001 1/46584
008 960307s1992 gre d
035 |l 10026347 
040 |a GR-MY-UA  |b gre  |e aacr 
041 0 |a gre 
082 0 |a 346.0026 
100 1 |a Γεωργιάδης, Απόστολος Σ. 
245 1 0 |a Αστικός κώδιξ :  |b ερμηνεία κατ' άρθρο - νομολογία - βιβλιογραφία /  |c Απόστολος Σ. Γεωργιάδης, Μιχαήλ Π. Σταθόπουλος 
260 |a Αθήνα :   |b Σάκκουλας,   |c 1979-1997 
650 0 0 |a Civil law  |x Codification. 
700 1 |a Σταθόπουλος, Μιχαήλ Π.,  |d 1938- 
852 |a INST  |b CHIOS  |e 19960307  |h 346.0026 ΓΕΩ  |p 005200000664  |q 005200000664  |t BK  |y 0  |z τ.1 
852 |a INST  |b CHIOS  |e 19960307  |h 346.0026 ΓΕΩ  |p 005200000665  |q 005200000665  |t BK  |y 0  |z τ.5 
852 |a INST  |b CHIOS  |e 19960307  |h 346.0026 ΓΕΩ  |p 005200002739  |q 005200002739  |t BK  |y 0  |z τ.2 
852 |a INST  |b CHIOS  |e 19960307  |h 346.0026 ΓΕΩ  |p 005200002740  |q 005200002740  |t BK  |y 0  |z v.3 
852 |a INST  |b CHIOS  |e 19960307  |h 346.0026 ΓΕΩ  |p 005200002741  |q 005200002741  |t BK  |y 0  |z τ.4 
852 |a INST  |b CHIOS  |e 19960311  |h 346.0026 ΓΕΩ  |p 005200002742  |q 005200002742  |t BK  |y 0  |z τ.6 
852 |a INST  |b CHIOS  |e 19971212  |h 346.0026 ΓΕΩ  |p 005200010222  |q 005200010222  |t BK  |y 0  |z τ.7 
852 |a INST  |b CHIOS  |e 19971212  |h 346.0026 ΓΕΩ  |p 005200010223  |q 005200010223  |t BK  |y 0  |z τ.9 
852 |a INST  |b CHIOS  |e 19971212  |h 346.0026 ΓΕΩ  |p 005200010224  |q 005200010224  |t BK  |y 0  |z τ.8 
852 |a INST  |b CHIOS  |e 19990423  |h 346.0026 ΓΕΩ  |p 005200014446  |q 005200014446  |t BK  |y 0  |z τ.10 
852 |a INST  |b CHIOS  |e 19960307  |h 346.0026 ΓΕΩ  |p 005200000664  |q 005200000664  |t BK  |v τ.1:  |y 0  |z τ.1 
852 |a INST  |b CHIOS  |e 19960307  |h 346.0026 ΓΕΩ  |p 005200000665  |q 005200000665  |t BK  |v τ.5:  |y 0  |z τ.5 
852 |a INST  |b CHIOS  |e 19960307  |h 346.0026 ΓΕΩ  |p 005200002739  |q 005200002739  |t BK  |v τ.2:  |y 0  |z τ.2 
852 |a INST  |b CHIOS  |e 19960307  |h 346.0026 ΓΕΩ  |p 005200002740  |q 005200002740  |t BK  |v v.3:  |y 0  |z v.3 
852 |a INST  |b CHIOS  |e 19960307  |h 346.0026 ΓΕΩ  |p 005200002741  |q 005200002741  |t BK  |v τ.4:  |y 0  |z τ.4 
852 |a INST  |b CHIOS  |e 19960311  |h 346.0026 ΓΕΩ  |p 005200002742  |q 005200002742  |t BK  |v τ.6:  |y 0  |z τ.6 
852 |a INST  |b CHIOS  |e 19971212  |h 346.0026 ΓΕΩ  |p 005200010222  |q 005200010222  |t BK  |v τ.7:  |y 0  |z τ.7 
852 |a INST  |b CHIOS  |e 19971212  |h 346.0026 ΓΕΩ  |p 005200010223  |q 005200010223  |t BK  |v τ.9:  |y 0  |z τ.9 
852 |a INST  |b CHIOS  |e 19971212  |h 346.0026 ΓΕΩ  |p 005200010224  |q 005200010224  |t BK  |v τ.8:  |y 0  |z τ.8 
852 |a INST  |b CHIOS  |e 19990423  |h 346.0026 ΓΕΩ  |p 005200014446  |q 005200014446  |t BK  |v τ.10:  |y 0  |z τ.10 
853 |a INST  |b CHIOS  |h 346.0026 ΓΕΩ 
909 |a Χ  |b 018154 
909 |a Χ  |b 018157 
909 |a Χ  |b 018155 
909 |a Χ  |b 018156 
909 |a Χ  |b 018153 
909 |a Χ  |b 018158 
909 |a Χ  |b 052016 
909 |a Χ  |b 052015 
909 |a Χ  |b 052017 
922 |a 2ΕΛΗ  |b 199711  |c ΡΟΥΜΕΛΙΩΤΗΣ  |d EMVASIS